00645 2200229 4500001002100000005001500021035002000036007000300056008004100059020002200100082001200122084001900134100001600153245007000169260004500239300002200284650002600306700002300332990002000355990002000375990002000395INLIS00000000134602820240911033625 a0010-0924000388ta240911 g 1 ind  a978-602-067-691-3 a899.221 a899.221 HEL t0 aHelen Hoang1 aThe Kiss Quotient /cHelen Hoang; alih bahasa, Harisa Permatasari aJakarta :bGramedia Pustaka Utama,c2024 a352 hlm ;c20 cm. 4anovel/fiksi indonesia0 aHarisa Permatasari a01311/PMDM/2024 a01312/PMDM/2024 a01313/PMDM/2024